Hurricanes : (Record no. 33374)
[ view plain ]
| 000 -LEADER | |
|---|---|
| fixed length control field | 00572nam a22002177a 4500 |
| 003 - CONTROL NUMBER IDENTIFIER | |
| control field | OSt |
| 005 - DATE AND TIME OF LATEST TRANSACTION | |
| control field | 20140310184251.0 |
| 008 - FIXED-LENGTH DATA ELEMENTS--GENERAL INFORMATION | |
| fixed length control field | 121113t xxu||||| |||| 00| 0 eng d |
| 020 ## - INTERNATIONAL STANDARD BOOK NUMBER | |
| International Standard Book Number | 0590474073 |
| 050 ## - LIBRARY OF CONGRESS CALL NUMBER | |
| Classification number | QC 944.2 |
| Item number | .L38 1996 |
| 100 ## - MAIN ENTRY--PERSONAL NAME | |
| Personal name | Lauber, Patricia |
| 9 (RLIN) | 12661 |
| 245 ## - TITLE STATEMENT | |
| Title | Hurricanes : |
| Remainder of title | Earth's Mightiest Storms/ |
| Statement of responsibility, etc | by Patricia Lauber |
| 260 ## - PUBLICATION, DISTRIBUTION, ETC. (IMPRINT) | |
| Place of publication, distribution, etc | New York: |
| Name of publisher, distributor, etc | Scholastic Inc., |
| Date of publication, distribution, etc | 1996. |
| 300 ## - PHYSICAL DESCRIPTION | |
| Extent | 64 p. : |
| Other physical details | ill. col. ; |
| Dimensions | 22 cm. |
| 521 ## - TARGET AUDIENCE NOTE | |
| Target audience note | |
| 526 ## - STUDY PROGRAM INFORMATION NOTE | |
| Reading level | 930 |
| 942 ## - ADDED ENTRY ELEMENTS (KOHA) | |
| Source of classification or shelving scheme | Library of Congress Classification |
| Koha item type | |
| Withdrawn status | Lost status | Source of classification or shelving scheme | Damaged status | Home library | Current library | Shelving location | Date acquired | Total Checkouts | Full call number | Barcode | Date last seen | Copy number | Price effective from | Koha item type |
|---|---|---|---|---|---|---|---|---|---|---|---|---|---|---|
| Library of Congress Classification | Luxembourg Library | Luxembourg Library | Scholastic Reading Center Section | 11/13/2012 | QC 944.2 .L38 1996 | LEX0812 | 04/18/2017 | 1 | 01/30/2014 | Books | ||||
| Library of Congress Classification | Luxembourg Library | Luxembourg Library | Scholastic Reading Center Section | 10/07/2013 | QC 944.2 .L38 1996 | LEX0991 | 04/18/2017 | 2 | 10/07/2013 | Books | ||||
| Library of Congress Classification | Luxembourg Library | Luxembourg Library | Scholastic Reading Center Section | 10/17/2013 | QC 944.2 .L38 1996 | SCHO0249 | 04/18/2017 | 3 | 10/17/2013 | Books |